| 000 | 00697nam a2200265Ia 4500 | ||
|---|---|---|---|
| 001 | 21853 | ||
| 005 | 20240114000615.0 | ||
| 007 | ta | ||
| 008 | 060309s303 g b000 u 891 u | ||
| 040 | _aCotton College,Assam | ||
| 041 | _a891 | ||
| 082 |
_a891.551 _bH 139 M |
||
| 100 | _aHali Panipati, Latif Hussain . | ||
| 245 | 0 |
_aMusaddasi Haali / _cLatif Hussain Hali Panipati. _hTextual Documents |
|
| 250 | _a1st ed. / | ||
| 260 |
_aDelhi : _bZamiya , _c1303 Hijri. |
||
| 300 |
_a144p. ; _c17cm. |
||
| 653 | _aPersian literature | ||
| 653 | _aUrdu Poetry | ||
| 653 | _aPersian Poetry | ||
| 653 | _aG-Persian | ||
| 942 |
_2ddc _cBK |
||
| 999 |
_c21835 _d21835 |
||